Random Knowledge Quiz #5 - Statistics

General Stats
  • This quiz has been taken 300 times
  • The average score is 10 of 15
Answer Stats
Question Answer % Correct
How many pairs of wings do bees have? 2
96%
What is the human's largest organ? Skin
93%
Where can you find the world's tallest building? Dubai
89%
And what is the most famous work of art in there? Mona Lisa
89%
Which cuddly children's toy is named after Theodore Roosevelt? Teddy bear
84%
By size, what is the largest museum in the world? The Louvre
80%
Finish this list: Ross, Rachel, Monica, Chandler, Joey, and... Phoebe
78%
What two person game is the best selling board game of all time? Chess
70%
Who are Tinky Winki, Dipsy, Laa-Laa, and Po? Teletubbies
70%
Whose full name is Barbara Millicent Roberts? Barbie
68%
What is the deepest point on Earth? The Mariana Trench
65%
What condiment was sold as medicine in the 1830s? Ketchup
56%
How many seats must a theater in NYC theater district at least have to be considered a Broadway theater? 500
44%
Which country has the most islands in the world? Sweden
34%
Where do Little My, Sniff, and Snork Maiden live? Moominvalley
7%
No matching quizzes found
Score Distribution
Percent of People with Each Score
Percentile by Number Answered
Your Score History
You have not taken this quiz